000 00551nam a22001697a 4500
999 _c11987
_d11987
008 190114b ||||| |||| 00| 0 eng d
020 _a97155-0234-2
082 _21997
_aDFil 899.21103
_bG99
100 _aGuzman, Gloria V.
_934039
245 _aMga Ninya /
_cGloria V. Guzman
260 _aQuezon City:
_bADMU Press,
_c1997
300 _aPages 129-137;
_c18 cm.
500 _aDamdamin ni Corazon at iba pang mga Kuwento
650 _aWomen -- literary collections
_934024
650 _aPhilippine short stories (Filipino)
_934040
942 _2ddc
_cDFIL